000 00585nam a2200169 i 4500
001 22099
003 ES-MaACL
005 20230906152619.0
007 t|
008 021211s1915 pr ||||1| spa d
245 0 0 _aAnuario borinquen
_b: publicado en San Juan de Puerto Rico por la clase de 1915, Escuela Superior José de Diego.
260 _aSan Juan, Puerto Rico :
_bEscuela Superior José de Diego,
_c1915.
300 _a95 p. :
_bil. ;
_c27 cm.
650 4 _aEnseñanza-
_zPuerto Rico.
_9163434
710 2 _aEscuela Superior José de Diego.
_93603
852 _aES-MaACL
_j1567-F-7
999 _c22099
_d22099